000 00233nam a2200097Ia 4500
008 230907s9999||||xx |||||||||||||| ||und||
082 _a333.79,ENE
245 0 _aEnergy security and development/
300 _axxi, 519p.:
942 _cBK
999 _c597777
_d597777